Teaching primary dance : a primer for generalist primary teachers /

Primary school dance education takes everyday movement as its starting point and therefore if you can move you can dance. The same goes for the teaching of dance. Teaching Primary Dance is written based on the premise. You don't need to be a specialist dance teacher to teach a primary dance pro...

Full description

Bibliographic Details
Main Author: Rank, Katrina (Author)
Format: Book
Language:English
Published: Carlton South, Victoria : Education Services Australia, [2014]
Subjects:

MARC

Tag First Indicator Second Indicator Subfields
LEADER 00000cam a2200000Mi 4500
001 in00003583313
005 20170928133113.0
008 140424t20142014vraa g 000 0 eng
020 |a 9781742005577 
020 |a 1742005578 
035 |a (OCoLC)ocn879305961 
040 |a AU@  |e rda  |c AU@  |d COO  |d YDX  |d UtOrBLW 
049 |a TXAM 
082 0 |a 792.807  |2 22 
090 |a GV1799  |b .R36 2014 
100 1 |a Rank, Katrina,,  |e author. 
245 1 0 |a Teaching primary dance :  |b a primer for generalist primary teachers /  |c Katrina Rank. 
264 1 |a Carlton South, Victoria :  |b Education Services Australia,  |c [2014] 
264 4 |c ©2014 
300 |a 112 pages :  |b illustrations ;  |c 28 cm. 
336 |a text  |b txt  |2 rdacontent 
337 |a unmediated  |b n  |2 rdamedia 
338 |a volume  |b nc  |2 rdacarrier 
504 |a Includes bibliographical references and index. 
520 |a Primary school dance education takes everyday movement as its starting point and therefore if you can move you can dance. The same goes for the teaching of dance. Teaching Primary Dance is written based on the premise. You don't need to be a specialist dance teacher to teach a primary dance program. What you do need is enthusiasm for dance, an enquiring mind, energy, commitment and support. This book is ideal for teachers who want to teach primary school dance, but don't quite know where to start. Over six chapters, Katrina Phillips Rank unpacks the essential elements of teaching dance based on the requirements of the Australian curriculum. Covering everything you need to know from setting up a dance program to learning to use the body as the instrument of dance, this book is rich with creative ideas and practical advice. 
650 0 |a Dance for children  |x Study and teaching. 
650 0 |a Dance  |x Study and teaching  |v Handbooks, manuals, etc. 
650 0 |a Lesson planning  |v Handbooks, manuals, etc.  |0 http://id.loc.gov/authorities/subjects/sh2009129552 
650 0 |a Dance teachers  |x Training of  |v Handbooks, manuals, etc. 
650 0 |a Movement education.  |0 http://id.loc.gov/authorities/subjects/sh85088019 
650 0 |a Dance  |x Study and teaching (Primary) 
945 |a PromptCat  |b 305446 
946 |a stk 
947 |a A14842898091 
948 |a cataloged  |b h  |c 2015/9/8  |d c  |e dmitchel  |f 12:44:16 pm 
994 |a 92  |b TXA 
999 f f |s f14f1ac2-371d-3ded-8711-67214a8abfcd  |i 9f3ecbdd-3a36-3780-b52a-60e06ae13aa5  |t 0 
952 f f |p normal  |a Texas A&M University  |b College Station  |c Sterling C. Evans Library  |d Evans: Library Stacks  |t 0  |e GV1799 .R36 2014  |h Library of Congress classification  |i unmediated -- volume  |m A14842898091 
998 f f |a GV1799 .R36 2014  |t 0  |l Evans: Library Stacks